How to audit for the Big 8 CPA / (Запис № 508417)

МАРК-запис
000 -LEADER
fixed length control field 01351cam a2200325Ma 4500
001 - CONTROL NUMBER
control field howtoauditforbig00cona
003 - CONTROL NUMBER IDENTIFIER
control field CaSfIA
005 - DATE AND TIME OF LATEST TRANSACTION
control field 20210118101149.0
007 - PHYSICAL DESCRIPTION FIXED FIELD--GENERAL INFORMATION
fixed length control field cr||||
008 - FIXED-LENGTH DATA ELEMENTS--GENERAL INFORMATION
fixed length control field 910715s1988 nbu 001 0 eng d
010 ## - LIBRARY OF CONGRESS CONTROL NUMBER
LC control number 87038507
040 ## - CATALOGING SOURCE
Original cataloging agency NYP
Transcribing agency NYP
Modifying agency OCLCG
-- CaSfIA
020 ## - INTERNATIONAL STANDARD BOOK NUMBER
Cancelled/invalid ISBN 0945361009
035 ## - SYSTEM CONTROL NUMBER
System control number (OCoLC)78345406
050 0# - LIBRARY OF CONGRESS CALL NUMBER
Classification number HF5667
Item number .C5858 1987
082 0# - DEWEY DECIMAL CLASSIFICATION NUMBER
Classification number 657/.45
Edition number 19
100 1# - MAIN ENTRY--PERSONAL NAME
Personal name Conant, James S.,
Dates associated with a name 1958-
245 10 - TITLE STATEMENT
Title How to audit for the Big 8 CPA /
Medium [electronic resource]
Statement of responsibility, etc James S. Conant, Sharon E. Appleby.
260 ## - PUBLICATION, DISTRIBUTION, ETC. (IMPRINT)
Place of publication, distribution, etc Boys town, Ne. :
Name of publisher, distributor, etc American Pub. Institute,
Date of publication, distribution, etc c1988.
263 ## - PROJECTED PUBLICATION DATE
Projected publication date 8802
300 ## - PHYSICAL DESCRIPTION
Extent viii, 247 p. ;
Dimensions 18 cm.
500 ## - GENERAL NOTE
General note Includes index.
506 ## - RESTRICTIONS ON ACCESS NOTE
Standardized terminology for access restriction Необхідна авторизація на https://archive.org/ (створення облікового запису безкоштовно)
506 ## - RESTRICTIONS ON ACCESS NOTE
Standardized terminology for access restriction Необхідна авторизація на https://openlibrary.org/ (створення облікового запису безкоштовно)
650 #0 - SUBJECT ADDED ENTRY--TOPICAL TERM
Topical term or geographic name as entry element Auditing.
700 1# - ADDED ENTRY--PERSONAL NAME
Personal name Appleby, Sharon E.,
Dates associated with a name 1955-
856 41 - ELECTRONIC LOCATION AND ACCESS
Uniform Resource Identifier <a href="http://www.archive.org/details/howtoauditforbig00cona">http://www.archive.org/details/howtoauditforbig00cona</a>
Public note Free eBook from the Internet Archive
856 42 - ELECTRONIC LOCATION AND ACCESS
Uniform Resource Identifier <a href="http://www.openlibrary.org/books/OL24369412M">http://www.openlibrary.org/books/OL24369412M</a>
Public note Additional information and access via Open Library
942 ## - ADDED ENTRY ELEMENTS (KOHA)
Koha item type ЕКнига

Немає доступних примірників.